|
|
|
|
| LEADER |
00000cam a2200000 a 4500 |
| 001 |
vtls001397288 |
| 003 |
SK-MaSNL |
| 005 |
20260301161752.0 |
| 008 |
251001s1964 xo 000 0 slo |
| 035 |
|
|
|a SNK000351688
|
| 035 |
|
|
|a urn:nbn:sk:snk-amlk1q
|
| 035 |
|
|
|a urn:nbn:sk:snk-am00boh3
|
| 035 |
|
|
|a 7D53C78D-7292-4EB9-A8AE-12F79EF6B873
|
| 040 |
|
|
|a SNK
|b slo
|c SNK
|e AACR2
|
| 041 |
1 |
|
|a slo
|h cze
|
| 044 |
|
|
|a xo
|c SK
|
| 080 |
|
|
|a 159.922.8
|2 2001
|
| 080 |
|
|
|a 612.661
|2 2001
|
| 080 |
|
|
|a 316.346.2-055.25
|2 2001
|
| 080 |
|
|
|a (0.062)
|2 2001
|
| 100 |
1 |
|
|a Peter, Rudolf,
|d 1900-1966
|4 aut
|9 19850
|
| 240 |
1 |
0 |
|a Dospívající dívka
|l Slovensky
|
| 245 |
1 |
0 |
|a Dospievajúce dievča
|b lekárske poučenia pre dievčatá
|c Rudolf Peter, Václav Šebek, Josef Hynie ; [z českého originálu ... preložil Andrej Štipala]
|
| 250 |
|
|
|a 1. vyd.
|
| 260 |
|
|
|a Martin
|b Osveta
|c 1964
|
| 300 |
|
|
|a 150 s.
|b obr.
|c 20 cm
|
| 366 |
|
|
|e 10 000 výtl.
|
| 500 |
|
|
|a Brožovaná
|
| 650 |
0 |
7 |
|a dospievanie
|2 SNKPH
|9 654
|
| 650 |
0 |
7 |
|a dievčatá
|2 SNKPH
|9 771
|
| 655 |
|
7 |
|a populárno-náučné publikácie
|2 SNKPH
|9 70460
|
| 700 |
1 |
|
|a Šebek, Václav,
|d 1901-1980
|4 aut
|9 238429
|
| 700 |
1 |
|
|a Hynie, Josef,
|d 1900-1989
|4 aut
|9 116333
|
| 700 |
1 |
|
|a Štipala, Andrej
|4 trl
|9 343017
|
| 852 |
|
|
|a Slovenská národná knižnica
|
| 958 |
|
|
|a EUIPO
|
| 958 |
|
|
|a OND
|
| 999 |
|
|
|c 810734
|d 812664
|
| 952 |
|
|
|a SNK
|b SNK
|y PREZ
|7 0
|p 17A0763470
|o snkSD 25323
|0 0
|1 0
|4 0
|d 2011-11-17
|f 1
|l 0
|r 2026-02-24 02:34:53
|w 2026-02-24
|
| 952 |
|
|
|t P60, <04>, [BOOK], {604}
|a SNK
|b SNK
|y VYP
|7 0
|p 17A0240154
|o snkSD 25323 D1
|0 0
|1 0
|4 0
|d 2000-09-30
|l 0
|r 2005-01-02 00:00:00
|w 2026-02-24
|